Statistics for All 1M+ cities in China

Click here to take the quiz!

General Stats

  • This quiz has been taken 12 times
    (2 since last reset)
  • The average score is 80 of 100

Answer Stats

Answer% Correct
Anshan
100%
Anyang
100%
Baoding
100%
Baotou
100%
Beijing
100%
Changchun
100%
Changsha
100%
Changzhou
100%
Chengdu
100%
Chongqing
100%
Cixi
100%
Dalian
100%
Daqing
100%
Datong
100%
Dongguan
100%
Foshan
100%
Fuzhou
100%
Guangzhou
100%
Guiyang
100%
Haikou
100%
Hangzhou
100%
Harbin
100%
Hefei
100%
Hohhot
100%
Hong Kong
100%
Huainan
100%
Huizhou
100%
Jilin
100%
Jinan
100%
Kaifeng
100%
Kunming
100%
Lanzhou
100%
Linyi
100%
Liuzhou
100%
Luoyang
100%
Luzhou
100%
Nanchang
100%
Nanjing
100%
Nanning
100%
Ningbo
100%
Putian
100%
Qingdao
100%
Shanghai
100%
Shantou
100%
Shenyang
100%
Shenzhen
100%
Suzhou
100%
Taiyuan
100%
Tianjin
100%
Urumqi
100%
Weifang
100%
Wenzhou
100%
Wuhan
100%
Wuhu
100%
Wuxi
100%
Xiamen
100%
Xian
100%
Xining
100%
Xuzhou
100%
Yantai
100%
Yinchuan
100%
Zhengzhou
100%
Zhuhai
100%
Zibo
100%
Benxi
50%
Changde
50%
Chaozhou
50%
Fushun
50%
Ganzhou
50%
Handan
50%
Hengyang
50%
Huaian
50%
Jiangmen
50%
Jiangyin
50%
Jieyang
50%
Kunshan
50%
Maoming
50%
Mianyang
50%
Nanchong
50%
Nantong
50%
Nanyang
50%
Quanzhou
50%
Shaoxing
50%
Shijiazhuang
50%
Taian
50%
Taizhou
50%
Tangshan
50%
Xiangyang
50%
Xinxiang
50%
Yancheng
50%
Yangzhou
50%
Yichang
50%
Yueyang
50%
Zhanjiang
50%
Zhongshan
50%
Zhuzhou
50%
Jinjiang
0%
Qiqihaer
0%
Zhangjiakou
0%
Zigong
0%

Score Distribution

Percentile by Number Answered

Percent of People with Each Score

Your Score History

You have not taken this quiz since the last reset